Миграционная политика РФ: цели и достижения; Т. 1

Podrobná bibliografie
Parent link:Т. 1.— 2009.— С. 39-41
Hlavní autor: Кривовяз Н. В.
Jazyk:ruština
Vydáno: 2009
Témata:
Médium: MixedMaterials Kapitola
KOHA link:https://koha.lib.tpu.ru/cgi-bin/koha/opac-detail.pl?biblionumber=176025

MARC

LEADER 00000naa2a2200000 4500
001 176025
005 20231031165200.0
035 |a (RuTPU)RU\TPU\book\190826 
090 |a 176025 
100 |a 20100219d2009 k y0rusy50 ca 
101 0 |a rus 
102 |a RU 
200 1 |a Миграционная политика РФ: цели и достижения  |f Н. В. Кривовяз 
320 |a Библиогр.: 7 назв. 
463 0 |0 (RuTPU)RU\TPU\book\186920  |t Т. 1  |v С. 39-41  |d 2009  |p 183 с. 
610 1 |a глобализация 
610 1 |a миграция населения 
610 1 |a трудовая миграция 
610 1 |a Россия 
610 1 |a труды учёных ТПУ 
700 1 |a Кривовяз  |b Н. В. 
801 1 |a RU  |b 63413507  |c 20100219 
942 |c BK